Operational Amplifiers and their applications (Record no. 12361)
[ view plain ]
| 000 -LEADER | |
|---|---|
| fixed length control field | 00423nam a2200157 4500 |
| 020 ## - INTERNATIONAL STANDARD BOOK NUMBER | |
| International Standard Book Number | 8121917794 |
| 082 ## - DEWEY DECIMAL CLASSIFICATION NUMBER | |
| Classification number | 621.381735 SAR |
| 100 ## - MAIN ENTRY--PERSONAL NAME | |
| Personal name | Sarkar, Subir Kumar |
| 245 ## - TITLE STATEMENT | |
| Title | Operational Amplifiers and their applications |
| 250 ## - EDITION STATEMENT | |
| Edition statement | Revides ed. |
| 260 ## - PUBLICATION, DISTRIBUTION, ETC. | |
| Place of publication, distribution, etc. | New Delhi, India |
| Name of publisher, distributor, etc. | S. Chand & Co. Ltd. |
| Date of publication, distribution, etc. | 1999 |
| 300 ## - PHYSICAL DESCRIPTION | |
| Extent | xi, 402 p. |
| Other physical details | ill. ; |
| 500 ## - GENERAL NOTE | |
| General note | Includes index. |
| 650 ## - SUBJECT ADDED ENTRY--TOPICAL TERM | |
| Topical term or geographic name entry element | Operational amplifiers. |
| 942 ## - ADDED ENTRY ELEMENTS (KOHA) | |
| Koha item type | Book |
| Withdrawn status | Lost status | Damaged status | Not for loan | Collection code | Permanent Location | Current Location | Shelving location | Date acquired | Source of acquisition | Cost, normal purchase price | Total Checkouts | Full call number | Barcode | Date last seen | Price effective from | Koha item type |
|---|---|---|---|---|---|---|---|---|---|---|---|---|---|---|---|---|
| Central Library (CL) | Central Library (CL) | General Stacks | 12/27/2013 | Saeed Book Bank | 392.40 | 621.381735 SAR | SEECS012743 | 10/31/2023 | 12/29/2013 | Book |
